FATF Listed Countries - Statistics

General Stats
  • This quiz has been taken 16 times
  • The average score is 10 of 26
Answer Stats
Answers % Correct
Iran
100%
Pakistan
88%
North Korea
81%
Syria
81%
Yemen
75%
Turkey
69%
Haiti
56%
Mali
56%
Zimbabwe
56%
Myanmar
44%
Jordan
31%
Morocco
31%
South Sudan
31%
Botswana
25%
Burkina Faso
25%
Jamaica
25%
Nicaragua
25%
Panama
25%
Uganda
25%
Albania
13%
Barbados
13%
Malta
13%
Senegal
13%
Cambodia
6%
Mauritius
6%
Philippines
6%
No matching quizzes found
Score Distribution
Percent of People with Each Score
Percentile by Number Answered
Your Score History
You have not taken this quiz